[Event "Ch Finland"]
[Site "masterchessopen.com Tampere (Finland)"]
[Round "0"]
[White "Nokka Risto (FIN)"]
[Black "Ebeling Mika (FIN)"]
[Result "0-1"]
[WhiteElo "2290"]
[BlackElo "2268"]

1.d4 Nf6 2.Nf3 g6 3.c4 Bg7 4.g3 O-O 5.Bg2 d5 6.cxd5 Nxd5 7.O-O Nb6 8.Nc3 Nc6
9.e3 Re8 10.Re1 a5 11.a4 e5 12.d5 Nb4 13.e4 c6 14.dxc6 bxc6 15.Bf1 Be6 16.Be3
Nc4 17.Bc5 Qxd1 18.Rexd1 Nxb2 19.Rdb1 N2d3 20.Bxb4 Nxb4 21.Ng5 Bg4 22.Bc4 Ra7
23.f3 Bc8 24.Rc1 Bh6 25.h4 Kg7 26.Rab1 f6 27.f4 exf4 28.gxf4 fxg5 29.fxg5 Bxg5
30.hxg5 Re5 31.Rd1 {#R} 0-1

[Event "It (open) (active)"]
[Site "masterchessopen.com Triberg (Germany)"]
[Round "0"]
[White "Siegel Georg (GER)"]
[Black "Mainka Romuald (GER)"]
[Result "0-1"]
[WhiteElo "2320"]
[BlackElo "2445"]

1.d4 g6 2.Nf3 Bg7 3.c4 Nf6 4.g3 O-O 5.Bg2 d5 6.cxd5 Nxd5 7.O-O Nb6 8.Nc3 Nc6
9.d5 Na5 10.e4 c6 11.dxc6 Nxc6 12.Qe2 Bg4 13.Be3 Ne5 14.Rfd1 Qc8 15.Bxb6 axb6
16.Nd5 Qc4 17.Qxc4 Nxc4 18.h3 Bxf3 19.Bxf3 e6 20.Nb4 Nxb2 21.Rd7 Nd3 22.Rb1
Ne5 {#R} 0-1

[Event "It"]
[Site "masterchessopen.com Bucharest (Romania)"]
[Round "0"]
[White "Itkis Boris (ROM)"]
[Black "Munteanu Cristian-Alexandru (ROM)"]
[Result "1-0"]
[WhiteElo "2440"]
[BlackElo "2275"]

1.d4 Nf6 2.Nf3 g6 3.c4 Bg7 4.g3 O-O 5.Bg2 d5 6.cxd5 Nxd5 7.O-O Nb6 8.Nc3 Nc6
9.d5 Na5 10.e4 c6 11.Bg5 Bg4 12.h3 Bxf3 13.Qxf3 h6 14.Bf4 cxd5 15.exd5 Nac4
16.b3 Nd6 17.Rac1 Rc8 18.Ne4 Nxe4 19.Qxe4 Qd7 20.d6 e5 21.Bxe5 Rfe8 22.f4 f6
23.Rxc8 Qxc8 24.Qxg6 fxe5 25.Be4 Qc5+ 26.Kg2 Rf8 27.Qh7+ Kf7 28.fxe5+ {#r} 1-0

[Event "It (open) \"]
[Site "masterchessopen.com Budapest (Hungary)"]
[Round "0"]
[White "Makarov Marat (RUS)"]
[Black "Shmuter Leonid (UKR)"]
[Result "1-0"]
[WhiteElo "2510"]
[BlackElo "2452"]

1.Nf3 Nf6 2.c4 g6 3.d4 Bg7 4.g3 d5 5.cxd5 Nxd5 6.Bg2 O-O 7.O-O Nb6 8.Nc3 Nc6
9.d5 Na5 10.e4 c6 11.Bg5 Nac4 12.Qc1 cxd5 13.Nxd5 Nxd5 14.Qxc4 Nb6 15.Qc5 Na4
16.Qa3 Nxb2 17.Rab1 Nc4 18.Qb4 Be6 19.Bxe7 a5 20.Qxb7 Nd6 21.Bxd8 Nxb7 22.Be7
Rfb8 23.a3 a4 24.e5 Bd5 25.Nd4 Bxg2 26.Kxg2 Na5 27.f4 Bf8 28.Bxf8 Kxf8
29.Rxb8+ Rxb8 30.Rc1 Rd8 31.Nb5 f6 32.exf6 Rd5 33.Rc8+ Kf7 34.Nc3 Rd4 35.Ra8
Rd3 36.Ne4 {#r} 1-0

[Event "It (open)"]
[Site "masterchessopen.com Calcutta (India)"]
[Round "0"]
[White "Khasin Alexander (RUS)"]
[Black "Sareen Vishal (IND)"]
[Result "1-0"]
[WhiteElo "2455"]
[BlackElo "2320"]

1.Nf3 g6 2.d4 Nf6 3.c4 Bg7 4.g3 O-O 5.Bg2 d5 6.cxd5 Nxd5 7.O-O Nb6 8.Nc3 Nc6
9.d5 Na5 10.e4 c6 11.Bg5 h6 12.Bf4 Nac4 13.Qe2 cxd5 14.exd5 Nxb2 15.Qxb2 Na4
16.Nxa4 Bxb2 17.Nxb2 Kg7 18.Nd4 e5 19.Bxe5+ f6 20.Bf4 Qb6 21.Nb3 Bf5 22.Nc4
Qd8 23.Nd4 Bd7 24.Rad1 Rc8 25.Ne6+ Bxe6 26.dxe6 Qe8 27.Rd7+ Kh8 28.Bd5 Rd8
29.Nd6 Rxd7 30.Nxe8 Rxd5 31.Nc7 {#r} 1-0

[Event "Ch Poland (corr.)"]
[Site "masterchessopen.com corr."]
[Round "0"]
[White "Matlak Jacek (POL)"]
[Black "Dors Ryszard (POL)"]
[Result "1-0"]
[WhiteElo "2233"]
[BlackElo "2230"]

1.d4 Nf6 2.Nf3 g6 3.c4 Bg7 4.g3 O-O 5.Bg2 d5 6.cxd5 Nxd5 7.O-O Nb6 8.Nc3 Nc6
9.e3 e5 10.d5 Na5 11.e4 c6 12.Bg5 f6 13.Be3 cxd5 14.exd5 Nac4 15.Bc5 Rf7 16.b3
Nd6 17.a4 Bg4 18.h3 Bxf3 19.Qxf3 Rc8 20.Bxd6 Qxd6 21.Nb5 Qb4 22.Nxa7 Rc3
23.Qg4 Rxb3 24.a5 Nc4 25.Qe6 Nd6 26.a6 Bf8 27.Nc6 {#r} 1-0

[Event "Ch Czechoslovakia (team) 1991/92"]
[Site "masterchessopen.com Czechoslovakia"]
[Round "0"]
[White "Jankovec Ivan (CZE)"]
[Black "Konopka Michal (CZE)"]
[Result "1-0"]
[WhiteElo "2180"]
[BlackElo "2436"]

1.d4 Nf6 2.Nf3 g6 3.g3 Bg7 4.Bg2 O-O 5.c4 d5 6.cxd5 Nxd5 7.O-O Nb6 8.Nc3 Nc6
9.d5 Na5 10.e4 c6 11.dxc6 Nxc6 12.h3 Be6 13.Bf4 Qc8 14.Kh2 Bc4 15.Re1 Rd8
16.Qc1 Nb4 17.Rd1 Nd3 18.Qc2 Nxf4 19.gxf4 Bh6 20.Kg3 f6 21.b3 Qc7 22.Ne2 Bxe2
23.Qxc7 Bxd1 24.Qxe7 Re8 25.Qxb7 Rad8 26.Bf1 Bc2 27.Re1 Bf8 28.e5 f5 29.Qxa7
Bc5 30.Bc4+ Kh8 31.Qf7 Rf8 32.Ng5 Rxf7 33.Nxf7+ Kg7 34.Nxd8 Bb4 {#r} 1-0

[Event "Bundesliga 1991/92"]
[Site "masterchessopen.com Germany"]
[Round "0"]
[White "Mandel Andreas (GER)"]
[Black "Trettin Ulrich (GER)"]
[Result "1-0"]
[WhiteElo "2403"]
[BlackElo "2194"]

1.d4 Nf6 2.Nf3 g6 3.c4 Bg7 4.g3 O-O 5.Bg2 d5 6.cxd5 Nxd5 7.O-O Nb6 8.Nc3 Nc6
9.d5 Na5 10.Qc2 Nxd5 11.Rd1 c6 12.Ne1 Bd7 13.Nxd5 cxd5 14.Rxd5 e6 15.Rd3 Qc8
16.Bd2 Nc6 17.Bc3 e5 18.Rd2 Be6 19.Nd3 Bf5 20.Qb3 Qc7 21.Nb4 Nxb4 22.Qxb4 Rab8
23.Rad1 b6 24.a4 Rfe8 25.Bd5 Rbd8 26.Qh4 Kh8 27.Qc4 Rd7 28.Qxc7 Rxc7 29.Bb3
Kg8 30.Rd8 Rc8 31.Rxe8+ Rxe8 32.e4 Bc8 33.a5 bxa5 34.Bxa5 Bg4 35.f3 {#r} 1-0

[Event "It"]
[Site "masterchessopen.com Gifhorn (Germany)"]
[Round "3"]
[White "Baburin Alexander (IRL)"]
[Black "Brettschneider Stefan (GER)"]
[Result "1-0"]
[WhiteElo "2535"]
[BlackElo "2275"]

1.d4 Nf6 2.c4 g6 3.Nf3 Bg7 4.g3 O-O 5.Bg2 d5 6.cxd5 Nxd5 7.O-O Nb6 8.Nc3 Nc6
9.e3 Re8 10.Ne1 e5 11.d5 Na5 12.Nc2 c6 13.b4 Nac4 14.dxc6 Qe7 15.a4 e4 16.Nd4
Qxb4 17.Nxe4 bxc6 18.a5 {#r} 1-0

[Event "It (open)"]
[Site "masterchessopen.com Komotini (Greece)"]
[Round "0"]
[White "Tseitlin Michael (GER)"]
[Black "Angelov Rumen (BUL)"]
[Result "1-0"]
[WhiteElo "2417"]
[BlackElo "2245"]

1.Nf3 Nf6 2.g3 g6 3.Bg2 Bg7 4.c4 O-O 5.O-O d5 6.cxd5 Nxd5 7.d4 Nb6 8.Nc3 Nc6
9.e3 e5 10.d5 Ne7 11.e4 Bg4 12.a4 c6 13.a5 Nc4 14.Qb3 cxd5 15.exd5 Nd6 16.a6
Rb8 17.Be3 bxa6 18.Qa2 Bxf3 19.Bxf3 Nef5 20.Bxa7 Rb7 21.Bc5 Nd4 22.Bd1 Qe7
23.b4 Ra8 24.Rc1 a5 25.Ne2 Qd8 26.Nxd4 exd4 27.Qa4 Nb5 28.Bf3 Nc3 29.Qc6 Rc7
30.Bb6 Rxc6 31.Bxd8 Rd6 32.Bxa5 d3 33.Kg2 d2 34.Rc2 d1=Q 35.Bxd1 Nxd5 36.Bf3
{#r} 1-0

[Event "Olympiad"]
[Site "masterchessopen.com Manila (Philippines)"]
[Round "0"]
[White "Foisor Cristina Adela (ROM)"]
[Black "Lumongdong Lisa Karlina (INA)"]
[Result "1-0"]
[WhiteElo "2416"]
[BlackElo "2146"]

1.c4 Nf6 2.Nf3 g6 3.g3 Bg7 4.Bg2 O-O 5.O-O d5 6.cxd5 Nxd5 7.d4 Nb6 8.Nc3 Nc6
9.d5 Na5 10.Qc2 c6 11.dxc6 Nxc6 12.Rd1 Bd7 13.Bf4 Qc8 14.a4 Bf5 15.e4 Bg4
16.a5 Nd7 17.Nd5 e6 18.Qxc6 exd5 19.Qxd5 Bxb2 20.Rab1 Be6 21.Qb5 Bg7 22.Rbc1
Qe8 23.Qxb7 Bg4 24.Bd6 Ne5 25.Qb3 Rd8 26.Bxf8 {#r} 1-0

[Event "Olympiad"]
[Site "masterchessopen.com Manila (Philippines)"]
[Round "4"]
[White "Galliamova Alisa (RUS)"]
[Black "Richtrova Eliska (CZE)"]
[Result "1-0"]
[WhiteElo "2400"]
[BlackElo "2268"]

1.d4 Nf6 2.c4 g6 3.Nf3 Bg7 4.g3 O-O 5.Bg2 d5 6.cxd5 Nxd5 7.O-O Nb6 8.Nc3 Nc6
9.d5 Na5 10.e4 c6 11.Bg5 h6 12.Bf4 cxd5 13.Nxd5 Nac4 14.Nc7 Rb8 15.Nb5 e5
16.Bc1 Qd7 17.Nxa7 Rd8 18.Qe1 Ra8 19.Nxc8 Nxc8 20.Qe2 Qd3 21.Qxd3 Rxd3 22.b3
N4d6 23.Bb2 f6 24.Rfe1 g5 25.Re2 Nb5 26.Rc2 Ncd6 27.Ne1 Nd4 28.Nxd3 Nxc2
29.Rc1 Nd4 30.Bxd4 exd4 31.a4 Re8 32.Rc7 Bf8 33.Kf1 b5 34.a5 b4 35.a6 Rc8
36.a7 {#r} 1-0

[Event "It (open)"]
[Site "masterchessopen.com Munich (Germany)"]
[Round "0"]
[White "Van Parreren Hanneke (NED)"]
[Black "Otte Lars"]
[Result "1-0"]
[WhiteElo "2101"]
[BlackElo "2240"]

1.d4 Nf6 2.c4 g6 3.Nf3 Bg7 4.g3 O-O 5.Bg2 d5 6.cxd5 Nxd5 7.O-O Nb6 8.Nc3 Nc6
9.e3 Re8 10.d5 Na5 11.Nd4 Bd7 12.b3 Rc8 13.Bb2 c6 14.e4 cxd5 15.Nxd5 e6 16.Ne3
e5 17.Ne2 Bb5 18.Re1 Nc6 19.Nc3 Ba6 20.Bh3 Qxd1 21.Raxd1 Rcd8 22.Ncd5 Nd4
23.Kg2 Be2 24.Bxd4 Bxd1 25.Bxb6 axb6 26.Rxd1 b5 27.Rc1 Rd6 28.Rc5 Ra8 29.Rxb5
Rxa2 30.Rxb7 Bh6 31.Rb8+ Kg7 32.Nc4 Rc6 33.Nb4 {#r} 1-0

[Event "It (open)"]
[Site "masterchessopen.com Norresundby (Denmark)"]
[Round "0"]
[White "Pigusov Evgeny (RUS)"]
[Black "Zezulkin Jurij (BLR)"]
[Result "1-0"]
[WhiteElo "2550"]
[BlackElo "2450"]

1.Nf3 Nf6 2.c4 g6 3.g3 Bg7 4.Bg2 O-O 5.O-O d5 6.cxd5 Nxd5 7.d4 Nb6 8.Nc3 Nc6
9.d5 Na5 10.Qc2 Nxd5 11.Rd1 c6 12.Ne1 Qb6 13.Bxd5 Bxc3 14.Qxc3 cxd5 15.Bh6 f6
16.Bxf8 Kxf8 17.Rxd5 {#r} 1-0

[Event "It"]
[Site "masterchessopen.com Rishon le Zion (Israel)"]
[Round "0"]
[White "Djuric Stefan (SRB)"]
[Black "Birnboim Nathan (ISR)"]
[Result "1-0"]
[WhiteElo "2463"]
[BlackElo "2369"]

1.Nf3 Nf6 2.c4 g6 3.g3 Bg7 4.Bg2 O-O 5.O-O d5 6.cxd5 Nxd5 7.d4 Nb6 8.Nc3 Nc6
9.d5 Na5 10.e4 c6 11.Re1 Re8 12.Na4 Nbc4 13.Nd2 cxd5 14.exd5 Bf5 15.Nb3 b5
16.Nc3 Qb6 17.g4 Bd7 18.d6 Bxc3 19.bxc3 Bc6 20.Nxa5 Nxa5 21.Rxe7 Rxe7 22.dxe7
Bxg2 23.Kxg2 Re8 24.Qf3 Qe6 25.Bg5 Nc4 26.a4 Ne5 27.Qe4 f6 28.Be3 bxa4 29.Bc5
f5 30.gxf5 gxf5 31.Qb7 f4 32.Qe4 Kh8 33.Re1 Qg6+ 34.Kh1 Qxe4+ 35.Rxe4 Nd3 {#r}
1-0

[Event "It (open)"]
[Site "masterchessopen.com Toronto (Canada)"]
[Round "0"]
[White "Southam David (CAN)"]
[Black "McTavish David (CAN)"]
[Result "1-0"]
[WhiteElo "2086"]
[BlackElo "2224"]

1.d4 Nf6 2.c4 g6 3.Nf3 Bg7 4.g3 d5 5.Bg2 O-O 6.cxd5 Nxd5 7.O-O Nb6 8.Nc3 Nc6
9.d5 Na5 10.e4 c6 11.Ng5 h6 12.Nh3 cxd5 13.exd5 e5 14.b3 e4 15.Bd2 Nxd5
16.Nxe4 Nc6 17.Rc1 Re8 18.Nf4 Bf5 19.Nc5 Nxf4 20.Bxf4 Qxd1 21.Rcxd1 Nd4 22.Be3
Ne2+ 23.Kh1 Nc3 24.Rd2 Ne4 25.Nxe4 Bxe4 26.Bxe4 Rxe4 27.Rd7 h5 28.Rxb7 a5
29.Rd1 Bc3 30.Rdd7 a4 31.Rxf7 axb3 32.axb3 Ra3 33.Rfc7 {#r} 1-0

[Event "It (open)"]
[Site "masterchessopen.com Baden-Baden (Germany)"]
[Round "0"]
[White "Schlosser Philipp (GER)"]
[Black "Krasenkova Ilena (RUS)"]
[Result "1-0"]
[WhiteElo "2550"]
[BlackElo "2131"]

1.Nf3 Nf6 2.c4 g6 3.g3 Bg7 4.Bg2 O-O 5.d4 d5 6.cxd5 Nxd5 7.O-O Nb6 8.Nc3 Nc6
9.d5 Na5 10.Qc2 c6 11.dxc6 Nxc6 12.Rd1 Qc7 13.Qe4 Bf5 14.Qh4 Rad8 15.Bh6 Rxd1+
16.Rxd1 Rd8 17.Bxg7 Kxg7 18.Nd4 Nxd4 19.Rxd4 Rxd4 20.Qxd4+ e5 21.Qb4 Qd7
22.Qb5 Qc7 23.Qa5 a6 24.h4 Bc8 25.Kh2 Na8 26.Qb4 Nb6 27.h5 Qd8 28.a4 Qd4
29.h6+ Kf6 30.Qxb6+ Kg5 31.Ne4+ Kxh6 32.Qf6 Bf5 33.Ng5 b5 34.Nxf7+ Kh5 35.Qg5#
1-0

[Event "It"]
[Site "masterchessopen.com Beer-Sheva (Israel)"]
[Round "0"]
[White "Greenfeld Alon (ISR)"]
[Black "Korchnoi Viktor (SUI)"]
[Result "1-0"]
[WhiteElo "2590"]
[BlackElo "2625"]

1.d4 Nf6 2.Nf3 g6 3.c4 Bg7 4.g3 O-O 5.Bg2 d5 6.cxd5 Nxd5 7.O-O Nb6 8.Nc3 Nc6
9.d5 Na5 10.e4 c6 11.Bg5 h6 12.Bf4 Bg4 13.Qc1 cxd5 14.exd5 Bxf3 15.Bxf3 g5
16.Bd2 Nac4 17.Rd1 Rc8 18.Be1 Qd6 19.Rb1 f5 20.Qc2 Ne5 21.Bg2 f4 22.Qb3 Kh8
23.Nb5 Qg6 24.d6 exd6 25.Nxd6 fxg3 26.Nxc8 gxf2+ 27.Bxf2 Nxc8 28.Qxb7 Ng4
29.Bg3 Bd4+ 30.Kh1 Ne3 31.Be4 {#r} 1-0

[Event "It \"]
[Site "masterchessopen.com Belgrade (Yugoslavia)"]
[Round "5"]
[White "Makarov Marat (RUS)"]
[Black "Nestorovic Dejan (SRB)"]
[Result "0-1"]
[WhiteElo "2515"]
[BlackElo "2390"]

1.Nf3 Nf6 2.c4 g6 3.d4 Bg7 4.g3 O-O 5.Bg2 d5 6.cxd5 Nxd5 7.O-O Nb6 8.Nc3 Nc6
9.d5 Na5 10.e4 c6 11.Bg5 h6 12.Bf4 cxd5 13.Nxd5 Nxd5 14.exd5 Bg4 15.Qa4 Bxf3
16.Bxf3 Rc8 17.Rac1 Qb6 18.b3 Qa6 19.Rxc8 Rxc8 20.Qd7 Rc3 21.Bg2 Bf8 22.Qe8 b5
23.d6 exd6 24.Bd5 Rc7 25.Bxh6 Qc8 26.Bxf7+ Kh7 27.Bxf8 Qxe8 28.Bxe8 {#R} 0-1

[Event "Olympiad (corr.)"]
[Site "masterchessopen.com corr."]
[Round "0"]
[White "Hjorth Greg (USA)"]
[Black "Nimtz Manfred Dr (GER)"]
[Result "0-1"]
[WhiteElo "2378"]
[BlackElo "2224"]

1.d4 Nf6 2.c4 g6 3.Nf3 Bg7 4.g3 O-O 5.Bg2 d5 6.cxd5 Nxd5 7.O-O Nb6 8.Nc3 Nc6
9.d5 Na5 10.e4 c6 11.Bg5 h6 12.Bf4 cxd5 13.exd5 Nac4 14.Qe2 g5 15.Bc1 Bg4
16.h3 Bh5 17.Rd1 Rc8 18.g4 Bg6 19.Nd4 Nd6 20.Qe1 Re8 21.b3 Bc2 22.Nxc2 Bxc3
23.Qe2 Bxa1 24.Nxa1 e6 25.Bb2 Nxd5 26.Qd2 Nb5 27.Qe1 Qb6 28.h4 Red8 29.Rd3 Nf4
30.Rxd8+ Rxd8 31.Qe5 Nd4 32.Nc2 Nh3+ {#R} 0-1

[Event "Zt"]
[Site "masterchessopen.com Lisbon (Portugal)"]
[Round "0"]
[White "Garcia Raul (AND)"]
[Black "Santos Antonio P (POR)"]
[Result "1-0"]
[WhiteElo "2177"]
[BlackElo "2336"]

1.d4 Nf6 2.Nf3 g6 3.c4 Bg7 4.g3 O-O 5.Bg2 d5 6.cxd5 Nxd5 7.O-O Nb6 8.Nc3 Nc6
9.e3 e5 10.d5 Na5 11.e4 c6 12.Bg5 f6 13.Be3 cxd5 14.Bxb6 Qxb6 15.Nxd5 Qd8
16.Rc1 Nc6 17.b4 a6 18.Qb3 Rf7 19.Qe3 Be6 20.a3 Qf8 21.Qb6 Qd8 22.Qe3 Bxd5
23.exd5 Ne7 24.Qb3 Nf5 25.Bh3 Bh6 26.Rc2 Rc8 27.Bxf5 gxf5 28.Rxc8 Qxc8 29.d6
Qd7 30.Rd1 Kh8 31.Qxf7 {#r} 1-0

[Event "Ch Norway"]
[Site "masterchessopen.com Norway"]
[Round "0"]
[White "Ogaard Leif (NOR)"]
[Black "Ostenstad Berge (NOR)"]
[Result "1-0"]
[WhiteElo "2408"]
[BlackElo "2465"]

1.d4 Nf6 2.c4 g6 3.Nf3 Bg7 4.g3 O-O 5.Bg2 d5 6.cxd5 Nxd5 7.O-O Nb6 8.Nc3 Nc6
9.e3 e5 10.d5 Ne7 11.e4 Bg4 12.a4 c6 13.a5 Nc4 14.Qb3 Nxa5 15.Qa2 b6 16.b4 Nb7
17.Bg5 h6 18.Bxe7 Qxe7 19.dxc6 Nd6 20.Nd5 Qe6 21.Nc7 Qxa2 22.Rxa2 Rad8 23.h3
Bc8 24.Re1 a6 25.Nd5 Nc4 26.Bf1 b5 27.Bxc4 bxc4 28.Ne7+ Kh8 29.Nxc8 Rxc8
30.Rxa6 Rb8 31.Rc1 Rxb4 32.Nd2 f5 33.Nxc4 {#r} 1-0

[Event "Ch Norway (team) East"]
[Site "masterchessopen.com Norway"]
[Round "3"]
[White "Gronn Alte (NOR)"]
[Black "Agdestein Espen (NOR)"]
[Result "0-1"]
[WhiteElo "2310"]
[BlackElo "2374"]

1.Nf3 Nf6 2.c4 g6 3.g3 Bg7 4.Bg2 O-O 5.d4 d5 6.cxd5 Nxd5 7.O-O Nb6 8.Nc3 Nc6
9.e3 e5 10.d5 Ne7 11.e4 Bg4 12.a4 c6 13.a5 Nbc8 14.Qb3 cxd5 15.exd5 Nd6 16.Qb4
Bxf3 17.Bxf3 Nef5 18.Ne2 Rc8 19.Bd2 e4 20.Bg4 Rc2 21.Ra2 e3 22.Bc3 exf2+
23.Rxf2 Bxc3 24.Nxc3 Rc1+ 25.Bd1 Re8 26.Rf1 Ne3 27.Re1 Nec4 28.Rf1 Ne3 29.Re1
Nc2 30.Rxe8+ Qxe8 31.Qf4 Qe3+ 32.Qf2 Qd3 {#R} 0-1

[Event "Cup Rilton"]
[Site "masterchessopen.com Stockholm (Sweden)"]
[Round "0"]
[White "Johansson Thomas (SWE)"]
[Black "Hellers Ferdinand (SWE)"]
[Result "0-1"]
[WhiteElo "2173"]
[BlackElo "2560"]

1.d4 Nf6 2.c4 g6 3.g3 Bg7 4.Bg2 O-O 5.Nf3 d5 6.cxd5 Nxd5 7.O-O Nb6 8.e4 Bg4
9.d5 c6 10.h3 Bxf3 11.Qxf3 cxd5 12.exd5 N8d7 13.Rd1 Rc8 14.Nc3 Nc4 15.Rb1 Qa5
16.Qe2 Rfe8 17.b4 Qc7 18.Ne4 Nd6 19.Bf4 Be5 20.Bxe5 Nxe5 21.Nc5 Nec4 22.h4 a5
23.Bh3 Ra8 24.h5 axb4 25.Ne6 fxe6 26.Bxe6+ Kg7 27.Rd4 Rf8 28.Kg2 Rf6 29.hxg6
hxg6 30.Rh4 Rh8 31.Rbh1 Rxh4 32.Rxh4 Qc5 {#R} 0-1

[Event "It (open)"]
[Site "masterchessopen.com Verdun (France)"]
[Round "0"]
[White "Adrian Claude (FRA)"]
[Black "Luecke Norbert (GER)"]
[Result "0-1"]
[WhiteElo "2292"]
[BlackElo "2353"]

1.Nf3 Nf6 2.c4 g6 3.g3 Bg7 4.Bg2 O-O 5.d4 d5 6.cxd5 Nxd5 7.O-O Nb6 8.Nc3 Nc6
9.d5 Na5 10.e4 c6 11.Bg5 h6 12.Bf4 cxd5 13.exd5 Nac4 14.b3 Bxc3 15.Rc1 Nxd5
16.Bxh6 Ncb6 17.Rxc3 Nxc3 18.Qa1 Qd3 19.Bxf8 Kxf8 20.Rc1 Nbd5 21.Ne1 Qd2
22.Rc2 Qd4 23.Qb2 Qb6 24.Nd3 Bf5 25.Nc5 Rc8 {#R} 0-1

[Event "It (open)"]
[Site "masterchessopen.com Biel (Switzerland)"]
[Round "0"]
[White "Cvitan Ognjen (CRO)"]
[Black "Zollbrecht Josef (GER)"]
[Result "1-0"]
[WhiteElo "2585"]
[BlackElo "2295"]

1.d4 Nf6 2.Nf3 g6 3.c4 Bg7 4.g3 O-O 5.Bg2 d5 6.cxd5 Nxd5 7.O-O Nb6 8.Nc3 Nc6
9.d5 Na5 10.Qc2 e6 11.dxe6 Bxe6 12.Bg5 f6 13.Bf4 Rf7 14.Rad1 Qc8 15.e4 Nc6
16.b3 a5 17.Rfe1 Nb4 18.Qb1 a4 19.bxa4 Nc6 20.e5 Bf5 21.Qc1 Nxa4 22.Nd5 Nb6
23.e6 Bxe6 24.Nxc7 Rxc7 25.Bxc7 Qxc7 26.Rxe6 Rxa2 27.Nd4 Qc8 28.Bxc6 bxc6
29.Rxc6 Qb8 30.Rxb6 {#r} 1-0

[Event "It (open)"]
[Site "masterchessopen.com Lucerne (Switzerland)"]
[Round "0"]
[White "Lukman Ronny (INA)"]
[Black "Gunawan Ruben (INA)"]
[Result "0-1"]
[WhiteElo "2241"]
[BlackElo "2345"]

1.c4 g6 2.d4 Nf6 3.Nf3 Bg7 4.g3 O-O 5.Bg2 d5 6.cxd5 Nxd5 7.O-O Nb6 8.Nc3 Nc6
9.e3 Re8 10.b3 e5 11.dxe5 Nxe5 12.Nxe5 Bxe5 13.Bb2 c6 14.Qe2 Bf5 15.Rfd1 Qf6
16.Rac1 h5 17.h3 Qe6 18.Kh2 h4 19.f4 hxg3+ 20.Kxg3 Bf6 21.Re1 Qe7 {#R} 0-1

[Event "It (open)"]
[Site "masterchessopen.com Passau (Germany)"]
[Round "0"]
[White "Jasnikowski Zbigniew (POL)"]
[Black "Ftacnik Lubomir (SVK)"]
[Result "0-1"]
[WhiteElo "2475"]
[BlackElo "2570"]

1.d4 Nf6 2.c4 g6 3.Nf3 Bg7 4.g3 O-O 5.Bg2 d5 6.cxd5 Nxd5 7.O-O Nb6 8.Nc3 Nc6
9.e3 Re8 10.Re1 a5 11.Nd2 e5 12.d5 Nb4 13.e4 c6 14.Nf1 cxd5 15.exd5 Bd7 16.a3
Na6 17.Ne4 Bf5 18.Ne3 Bxe4 19.Bxe4 Nc5 20.f3 f5 21.Bb1 e4 22.fxe4 Nxe4 23.Ba2
Qd6 24.Ng2 Nd7 25.Rb1 Ne5 26.Nf4 Ng4 27.Re2 g5 28.Nh5 Bh8 29.Kg2 Rac8 30.Bd2
Kf7 31.h3 Ngf6 32.Rxe4 Nxe4 33.Bxa5 Kg6 34.g4 Qc5 35.gxf5+ Kh6 {#R} 0-1

[Event "It \"]
[Site "masterchessopen.com Philadelphia (USA)"]
[Round "0"]
[White "Blocker Calvin (USA)"]
[Black "Yermolinsky Alex (USA)"]
[Result "0-1"]
[WhiteElo "2380"]
[BlackElo "2590"]

1.d4 Nf6 2.c4 g6 3.Nf3 Bg7 4.g3 d5 5.cxd5 Nxd5 6.Bg2 O-O 7.O-O Nb6 8.Nc3 Nc6
9.d5 Na5 10.e4 c6 11.Bg5 h6 12.Bf4 Nac4 13.Qe2 e5 14.Bc1 cxd5 15.Nxd5 Nxd5
16.exd5 Nd6 17.Rd1 Re8 18.Be3 Bg4 19.h3 Bxf3 20.Qxf3 a6 21.Rac1 Rc8 22.Qg4
Rxc1 23.Rxc1 e4 24.Bc5 Bxb2 25.Rb1 h5 26.Qe2 Bf6 27.Bxd6 Qxd6 28.Rxb7 Bd4
29.Rb3 Bc5 30.Qc4 h4 31.gxh4 e3 32.fxe3 Bxe3+ 33.Kh1 Ba7 34.Rf3 Bb8 35.Kg1
Qh2+ 36.Kf1 Ba7 {#R} 0-1

[Event "Memorial A.Petrov"]
[Site "masterchessopen.com St. Petersburg (Russia)"]
[Round "4"]
[White "Guliev Sarhan (AZE)"]
[Black "Vlaskov A (RUS)"]
[Result "1-0"]
[WhiteElo "2490"]
[BlackElo "2454"]

1.d4 Nf6 2.c4 g6 3.Nf3 Bg7 4.g3 O-O 5.Bg2 d5 6.cxd5 Nxd5 7.O-O Nb6 8.Nc3 Nc6
9.d5 Na5 10.e4 c6 11.Nd4 e6 12.b3 exd5 13.Ba3 Re8 14.exd5 cxd5 15.Ncb5 Nc6
16.Rc1 Nxd4 17.Nxd4 Bd7 18.Qd3 Qf6 19.Nb5 Red8 20.Rfe1 Be6 21.Bc5 Rdc8 22.Bd4
Qd8 23.a4 Rc6 24.Rxc6 bxc6 25.Qc3 Bxd4 26.Nxd4 Qf6 27.a5 c5 28.Qxc5 Rc8 29.Nc6
{#r} 1-0

[Event "It (open) \"]
[Site "masterchessopen.com Berlin (Germany)"]
[Round "5"]
[White "Greenfeld Alon (ISR)"]
[Black "Albrecht Rainer (GER)"]
[Result "1-0"]
[WhiteElo "2570"]
[BlackElo "2270"]

1.d4 Nf6 2.Nf3 g6 3.c4 Bg7 4.g3 O-O 5.Bg2 d5 6.cxd5 Nxd5 7.O-O Nb6 8.Nc3 Nc6
9.d5 Na5 10.e4 c6 11.Bf4 cxd5 12.exd5 Nac4 13.Qe2 Bg4 14.h3 Bxf3 15.Bxf3 Re8
16.Rfd1 Rc8 17.Rac1 Nxb2 18.Qxb2 Rxc3 19.Rxc3 Na4 20.Qxb7 Nxc3 21.Re1 Nxa2
22.Bc7 Qd7 23.Qc6 Rd8 24.Bxd8 Qxd8 25.Qc4 Bc3 26.Re2 {#r} 1-0

[Event "It (open)"]
[Site "masterchessopen.com Biel (Switzerland)"]
[Round "1"]
[White "Romanishin Oleg M (UKR)"]
[Black "Balenovic Zvonimir (CRO)"]
[Result "1-0"]
[WhiteElo "2580"]
[BlackElo "2300"]

1.d4 Nf6 2.Nf3 g6 3.g3 Bg7 4.Bg2 O-O 5.c4 d5 6.cxd5 Nxd5 7.O-O Nb6 8.Nc3 Nc6
9.d5 Ne5 10.Nxe5 Bxe5 11.Bh6 Re8 12.Rc1 Bd7 13.Qb3 e6 14.a4 exd5 15.a5 Nc4
16.Bxd5 Nd6 17.Ne4 Nxe4 18.Bxe4 Qf6 19.Be3 Bxb2 20.Rxc7 Bh3 21.Bd5 Rf8 22.Qxb7
Rad8 23.Bg2 Bxg2 24.Kxg2 Bd4 25.Bh6 Rfe8 26.Qf3 Qe6 27.e3 Rd5 28.exd4 Rh5
29.h4 Rxh6 30.Re1 {#r} 1-0

[Event "It (open)"]
[Site "masterchessopen.com Catania (Italy)"]
[Round "2"]
[White "Szekely Peter (HUN)"]
[Black "Rosino Antonio (ITA)"]
[Result "1-0"]
[WhiteElo "2435"]
[BlackElo "2320"]

1.Nf3 Nf6 2.c4 g6 3.d4 Bg7 4.g3 O-O 5.Bg2 d5 6.cxd5 Nxd5 7.O-O Nb6 8.Nc3 Nc6
9.d5 Na5 10.Bf4 c6 11.dxc6 Nxc6 12.Qc1 e5 13.Be3 Nd5 14.Rd1 Nxc3 15.Qxc3 Qc7
16.Rac1 Bg4 17.Qc4 Be6 18.Qa4 Rfd8 19.Ng5 Rxd1+ 20.Rxd1 Bd7 21.Qc4 Be8 22.Bd5
Qe7 23.Nf3 Rc8 24.Qe4 Kh8 25.Rc1 f5 26.Qc4 Bd7 27.Ng5 Bf6 28.Nf7+ Kg7 29.Bh6+
Kg8 30.Nxe5+ Kh8 31.Nxd7 Qxd7 32.Be6 {#r} 1-0

[Event "It (open)"]
[Site "masterchessopen.com Cordoba (Spain)"]
[Round "0"]
[White "Izeta Txabarri Felix (ESP)"]
[Black "Arencibia Walter (CUB)"]
[Result "0-1"]
[WhiteElo "2495"]
[BlackElo "2515"]

1.d4 Nf6 2.Nf3 g6 3.c4 Bg7 4.g3 O-O 5.Bg2 d5 6.cxd5 Nxd5 7.O-O Nb6 8.Nc3 Nc6
9.d5 Na5 10.e4 c6 11.Bf4 cxd5 12.exd5 Nac4 13.Qe2 Bd7 14.Rac1 Re8 15.b3 Nd6
16.Ne5 Rf8 17.a4 Be8 18.Na2 Rc8 {#R} 0-1

[Event "It (open)"]
[Site "masterchessopen.com Gausdal (Norway)"]
[Round "3"]
[White "Tjomsland Stig (NOR)"]
[Black "Tisdall Jonathan D (NOR)"]
[Result "0-1"]
[WhiteElo "2370"]
[BlackElo "2500"]

1.d4 Nf6 2.Nf3 g6 3.c4 Bg7 4.g3 O-O 5.Bg2 d5 6.cxd5 Nxd5 7.O-O Nb6 8.Nc3 Nc6
9.d5 Na5 10.Bg5 Nac4 11.Qc1 Nxd5 12.Rd1 Nxc3 13.bxc3 Qe8 14.Bh6 e5 15.Bxg7
Kxg7 16.Nd2 Nxd2 17.Qxd2 c6 18.Qe3 Qe7 19.Rd2 f6 20.Rad1 Bf5 21.h4 Rf7 22.f3
b6 23.g4 Be6 24.g5 Bd5 25.gxf6+ Qxf6 26.c4 Bxc4 27.Rd6 Qf4 28.Qf2 Bd5 29.e3
Qb4 {#R} 0-1